| 000 | 01639nam a22003137a 4500 | ||
|---|---|---|---|
| 001 | 77315 | ||
| 003 | BD-RjUL | ||
| 005 | 20211209082946.0 | ||
| 008 | 200312s2019 bg ||||| |||| 00| 0 eng d | ||
| 020 | _a9789847320496 | ||
| 035 | _a(BD-RjUL)77540 | ||
| 040 |
_aBD-RjUL _beng _cBD-RjUL |
||
| 041 | _aeng | ||
| 082 |
_223 _a954.9205 _bSAN 2019 |
||
| 245 | 0 | 0 |
_aসংবাদপত্রে বঙ্গবন্ধু : _bআগরতলা ষড়যন্ত্র মামলা / _cপ্রধান সম্পাদক, জাফর ওয়াজেদ ; উপদেষ্টা পরিষদ, আবেদ খান, সাখাওয়াত আলী খান, মফিদুল হক, আবু মো. দেলোয়ার হোসেন. |
| 260 |
_aঢাকা : _bপ্রেস ইনস্টিটিউট বাংলাদেশ, _c২০১৯ |
||
| 300 |
_a খণ্ড ; _c২২ সেমি. |
||
| 505 | 0 | 1 | _a খণ্ড. ১ম -- |
| 600 |
_aমুজিবুর রহমান, শেখ, _d১৯২০- ১৯৭৫ _9240850 |
||
| 600 |
_a Mujibur Rahman, Shaikh _d1920-1975. _9240851 |
||
| 650 |
_aমুক্তিযুদ্ধ _zবাংলাদেশ _y১৯৭১ _9240836 |
||
| 650 |
_aLiberation war _zBangladesh _y1971 _9240837 |
||
| 700 |
_aওয়াজেদ, জাফর _9240852 |
||
| 700 |
_aখান, আবেদ _9240853 |
||
| 700 |
_aসাখাওয়াত আলী, খান _9240854 |
||
| 700 |
_aহক, মফিদুল _9240855 |
||
| 700 |
_aহোসেন, আবু মো. দেলোয়ার _9240856 |
||
| 942 |
_2ddc _cBK |
||
| 999 |
_c77315 _d77315 |
||